Bioprocess engineering principles

Guardat en:
Dades bibliogràfiques
Autor principal: Doran, Pauline M (Autor)
Format: Llibre
Idioma:anglès
Publicat: Amsterdam Elsevier 2013
Edició:Second Edition
Matèries:
Etiquetes: Afegir etiqueta
Sense etiquetes, Sigues el primer a etiquetar aquest registre!

MARC

LEADER 00000cam a2200000 a 4500
001 UCF5596
003 CL-VaPUC
005 20240821114649.0
008 130318e20130000NE |||||||||||||||||eng|d
999 |c 351088  |d 351086 
020 |a 9780122208515 
040 |c Pontificia Universidad Católica de Valparaíso 
082 0 4 |a 660.63 DOR 2013 
100 1 |a Doran, Pauline M  |e author  |9 567541 
245 1 0 |a Bioprocess engineering principles 
250 |a Second Edition 
260 |a Amsterdam  |b Elsevier  |c 2013 
300 |a 919 p 
583 |c 20200324 
650 0 |a Ingeniería bioquímica   |9 260241 
650 0 |a Bioprocesos  |9 456166 
942 |c BK  |2 ddc 
945 |d 20130318 00:00:00  |a dcastane 
952 |0 0  |1 0  |4 0  |6 660_630000000000000_DOR_2013  |7 0  |8 A  |9 454973  |a BIBING  |b BIBING  |d 2019-11-22  |i 4954971  |o 660.63 DOR 2013  |p 4954971  |r 2025-01-20  |w 2019-11-22  |y BK  |k EIB 
952 |0 0  |1 0  |4 0  |6 660_630000000000000_DOR_2013  |7 0  |8 A  |9 454974  |a BIBING  |b BIBING  |d 2019-11-22  |i 495498K  |l 1  |o 660.63 DOR 2013  |p 495498K  |r 2025-01-20  |s 2022-10-04  |w 2019-11-22  |y BK  |k EIB 
952 |0 0  |1 0  |3 erb  |4 0  |6 660_630000000000000_DOR_2013  |7 0  |8 A  |9 454975  |a BIBING  |b BIBING  |i 5138760  |l 1  |o 660.63 DOR 2013  |p 5138760  |r 2025-01-20  |s 2023-06-14  |w 2019-11-22  |y BK  |z Catalogado en:20150305  |k EIB 
952 |0 0  |1 0  |2 ddc  |4 0  |6 660_630000000000000_DOR_2013  |7 0  |8 A  |9 560929  |a BIBING  |b BIBING  |c GEN  |d 2020-03-10  |e 1  |g 86815.00  |i 5573696  |l 4  |m 4  |o 660.63 DOR 2013  |p 5573696  |r 2025-01-20  |s 2024-11-21  |t 7  |v 86815.00  |w 2020-03-10  |y BK  |k EIB 
952 |0 0  |1 0  |2 ddc  |4 0  |6 660_630000000000000_DOR_2013  |7 0  |8 A  |9 560930  |a BIBING  |b BIBING  |d 2020-03-10  |e 1  |g 86815.00  |i 557370K  |l 4  |o 660.63 DOR 2013  |p 557370K  |r 2025-01-20  |s 2022-08-31  |t 8  |v 86815.00  |w 2020-03-10  |y BK  |k EIB 
952 |0 0  |1 0  |2 ddc  |4 0  |6 660_630000000000000_DOR_2013  |7 0  |8 A  |9 560931  |a BIBING  |b BIBING  |c GEN  |d 2020-03-10  |e 1  |g 86815.00  |i 557367K  |l 3  |m 1  |o 660.63 DOR 2013  |p 557367K  |r 2025-01-20  |s 2024-11-04  |t 5  |v 86815.00  |w 2020-03-10  |y BK  |k EIB 
952 |0 0  |1 0  |2 ddc  |4 0  |6 660_630000000000000_DOR_2013  |7 0  |8 A  |9 560932  |a BIBING  |b BIBING  |c GEN  |d 2020-03-10  |e 1  |g 86815.00  |i 5573688  |l 1  |m 1  |o 660.63 DOR 2013  |p 5573688  |r 2025-01-20  |s 2024-10-15  |t 6  |v 86815.00  |w 2020-03-10  |y BK  |k EIB